| 000 | 01989cam a22005057i 4500 | ||
|---|---|---|---|
| 999 |
_c1312 _d1312 |
||
| 001 | 18404880 | ||
| 003 | GZU | ||
| 005 | 20201006122502.0 | ||
| 008 | 141212t20152015enka bf 001 0 eng d | ||
| 010 | _a 2014959213 | ||
| 020 | _a9781473918801 (paperback) | ||
| 020 | _a1473918804 (paperback) | ||
| 020 | _a9781473918795 (hardcover) | ||
| 020 | _a1473918790 (hardcover) | ||
| 035 | _a(OCoLC)ocn918929034 | ||
| 040 |
_aEQO _beng _cEQO _erda _dOCLCO _dQGK _dOCLCO _dCLU _dEYM _dOCLCF _dOCLCO _dUAB _dDLC |
||
| 042 | _alccopycat | ||
| 050 | 0 | 0 |
_aH62 _b.SHO 2015 |
| 100 | 1 |
_aShon, Phillip C., _eauthor. |
|
| 245 | 1 | 0 |
_aHow to read journal articles in the social sciences : _ba very practical guide for students / _cPhillip Chong Ho Shon. |
| 250 | _a2nd edition. | ||
| 264 | 1 |
_aLondon : _bSAGE, _c[2015] |
|
| 264 | 4 | _c©2015 | |
| 300 |
_ax, 130 pages : _billustrations ; _c25 cm. |
||
| 336 |
_atext _2rdacontent |
||
| 337 |
_aunmediated _2rdamedia |
||
| 338 |
_avolume _2rdacarrier |
||
| 490 | 1 | _aSage study skills | |
| 504 | _aIncludes bibliographical references (pages 125-127) and index. | ||
| 650 | 0 |
_aSocial sciences _xPeriodicals _vStudy guides. |
|
| 650 | 0 | _aReader-response criticism. | |
| 650 | 0 |
_aSocial sciences _xStudy and teaching (Higher) |
|
| 650 | 0 |
_aStudy skills _vHandbooks, manuals, etc. |
|
| 650 | 7 |
_aReader-response criticism. _2fast _0(OCoLC)fst01090552 |
|
| 650 | 7 |
_aSocial sciences _xPeriodicals. _2fast _0(OCoLC)fst01122939 |
|
| 650 | 7 |
_aSocial sciences _xStudy and teaching (Higher) _2fast _0(OCoLC)fst01123030 |
|
| 650 | 7 |
_aStudy skills. _2fast _0(OCoLC)fst01136216 |
|
| 655 | 7 |
_aHandbooks and manuals. _2fast _0(OCoLC)fst01423877 |
|
| 655 | 7 |
_aStudy guides. _2fast _0(OCoLC)fst01423888 |
|
| 830 | 0 | _aSage study skills. | |
| 906 |
_a7 _bcbc _ccopycat _d2 _encip _f20 _gy-gencatlg |
||
| 942 |
_2lcc _cBK _e2nd ed. _h62 _iSHO _kH |
||